ბათუმის შოთა რუსთაველის სახელმწიფო უნივერსიტეტის ბიბლიოთეკა

Газоны, их устроиство и содержание (ბიბ.ჩანაწერი № 45778)

000 -LEADER
fixed length control field 00619nam a2200217Ia 4500
001 - CONTROL NUMBER
control field 12605
003 - CONTROL NUMBER IDENTIFIER
control field GE_BSU
008 - FIXED-LENGTH DATA ELEMENTS--GENERAL INFORMATION
fixed length control field 181216s||||||||xx |||||||||||||| ||und||
040 ## - CATALOGING SOURCE
Transcribing agency GE_BSU
080 ## - UNIVERSAL DECIMAL CLASSIFICATION NUMBER
Universal Decimal Classification number 635.9
100 ## - MAIN ENTRY--PERSONAL NAME
Personal name Головач,А.Г.
245 ## - TITLE STATEMENT
Title Газоны, их устроиство и содержание
245 ## - TITLE STATEMENT
Statement of responsibility, etc. Отв.ред.С.Я.соколов
260 ## - PUBLICATION, DISTRIBUTION, ETC.
Place of publication, distribution, etc. М-Л
260 ## - PUBLICATION, DISTRIBUTION, ETC.
Name of publisher, distributor, etc. Изд-во АНСССР
260 ## - PUBLICATION, DISTRIBUTION, ETC.
Date of publication, distribution, etc. 1955
300 ## - PHYSICAL DESCRIPTION
Extent 336стр.27см.
300 ## - PHYSICAL DESCRIPTION
Dimensions Библиогр.с.330-336
653 ## - INDEX TERM--UNCONTROLLED
Uncontrolled term Газоны,их устроиство и содержание
942 ## - ADDED ENTRY ELEMENTS (KOHA)
Koha item type წიგნი
ეგზემპლარები
Withdrawn status Lost status Damaged status Not for loan Date acquired Barcode Date last seen Price effective from Koha item type
        2018-12-17 20483 2018-12-17 2018-12-17 წიგნი